<?xml version="1.0" encoding="UTF-8"?>
<record
    xmlns:xsi="http://www.w3.org/2001/XMLSchema-instance"
    xsi:schemaLocation="http://www.loc.gov/MARC21/slim http://www.loc.gov/standards/marcxml/schema/MARC21slim.xsd"
    xmlns="http://www.loc.gov/MARC21/slim">

  <leader>00719nam a22001937a 4500</leader>
  <datafield tag="999" ind1=" " ind2=" ">
    <subfield code="c">193242</subfield>
    <subfield code="d">193242</subfield>
  </datafield>
  <controlfield tag="005">20221018141811.0</controlfield>
  <datafield tag="010" ind1=" " ind2=" ">
    <subfield code="a">ENG-135478</subfield>
  </datafield>
  <datafield tag="020" ind1=" " ind2=" ">
    <subfield code="a">9789352584994</subfield>
    <subfield code="c">999.00</subfield>
  </datafield>
  <datafield tag="035" ind1=" " ind2=" ">
    <subfield code="a">EN-119010</subfield>
  </datafield>
  <datafield tag="037" ind1=" " ind2=" ">
    <subfield code="b">DBAD/PUB</subfield>
  </datafield>
  <datafield tag="082" ind1=" " ind2=" ">
    <subfield code="a">920</subfield>
  </datafield>
  <datafield tag="245" ind1=" " ind2=" ">
    <subfield code="a">Sir P.C. Ray: The Father of Chemistry Teacing and Research in India, a Philanthropist, and an Entrepreneur/</subfield>
    <subfield code="c">Edited by Sunil Kumar Talapatra and Biswapati Mukherjee</subfield>
  </datafield>
  <datafield tag="260" ind1=" " ind2=" ">
    <subfield code="a">Kolkata</subfield>
    <subfield code="b">Indian Science News Association</subfield>
    <subfield code="c">2016</subfield>
  </datafield>
  <datafield tag="270" ind1=" " ind2=" ">
    <subfield code="a">92, Acharya Prafulla Chandra Road</subfield>
    <subfield code="b">Kolkata</subfield>
    <subfield code="e">700009</subfield>
  </datafield>
  <datafield tag="300" ind1=" " ind2=" ">
    <subfield code="a">xii, 388p.</subfield>
    <subfield code="b">Acknowledgements</subfield>
    <subfield code="c">28cm(hb)</subfield>
  </datafield>
  <datafield tag="700" ind1=" " ind2=" ">
    <subfield code="a">Talapatra, Sunil Kumar</subfield>
  </datafield>
  <datafield tag="700" ind1=" " ind2=" ">
    <subfield code="a">Mukherjee, Biswapati</subfield>
  </datafield>
  <datafield tag="942" ind1=" " ind2=" ">
    <subfield code="2">ddc</subfield>
    <subfield code="c">EN</subfield>
    <subfield code="m">SIR</subfield>
    <subfield code="h">920</subfield>
  </datafield>
  <datafield tag="952" ind1=" " ind2=" ">
    <subfield code="0">0</subfield>
    <subfield code="1">0</subfield>
    <subfield code="4">0</subfield>
    <subfield code="7">0</subfield>
    <subfield code="8">NFIC</subfield>
    <subfield code="a">MP</subfield>
    <subfield code="b">MP</subfield>
    <subfield code="d">2022-10-18</subfield>
    <subfield code="e">DBAD/PUB</subfield>
    <subfield code="g">999.00</subfield>
    <subfield code="l">0</subfield>
    <subfield code="o">920 SIR</subfield>
    <subfield code="p">EN-119010</subfield>
    <subfield code="r">2022-10-18 00:00:00</subfield>
    <subfield code="t">1</subfield>
    <subfield code="v">999.00</subfield>
    <subfield code="y">EN</subfield>
  </datafield>
</record>
